Duración y simultaneidad : a propósito de la teoría de Einstein /

En este texto Bergson analiza la teoría de la relatividad de Einstein, desde la perspectiva filosófica. La obra incluye otros textos del filósofo que hacen referencia a dicha teoría.

Gardado en:
Detalles Bibliográficos
Autor Principal: Bergson, Henri (autor)
Outros autores: Peñalver, Patricio (edición y traducción) (edición y traducción)
Formato: Libro
Idioma:Lingua castelá
Publicado: Salamanca, España : Sígueme, 2025, c2025
Series:(Hermeneia ; 145)
Temas:
Etiquetas: Engadir etiqueta
Sen Etiquetas, Sexa o primeiro en etiquetar este rexistro!

MARC

LEADER 00000nam^a2200000^a^4500
001 000624163
005 20251104000000.0
009 20260310133951.78
020 |a 978-84-301-2261-5 
037 |a Acervo Xavier Clavigero 
041 |a ESP 
082 |a 143.  |b BER OBR DUR 
100 |a Bergson, Henri  |e (autor) 
240 1 1 |a [Duración y simultaneidad: a propósito de la teoría de Einstein] 
245 1 0 |a Duración y simultaneidad :  |b a propósito de la teoría de Einstein /  |c H. Bergson ; ed. y tr. por P. Peñalver. 
264 4 |a Salamanca, España :  |b Sígueme,  |c 2025, c2025 
300 |a 237 p. 
336 |a texto  |b txt  |2 rdacontenido 
337 |a sin mediación  |b n  |2 rdamedio 
338 |a volumen  |b nc  |2 rdasoporte 
440 1 |a (Hermeneia ;  |v 145) 
500 |a Traducción de: Dureé et simultanéité: à propos de la thèorie d'Einstein 
520 |a En este texto Bergson analiza la teoría de la relatividad de Einstein, desde la perspectiva filosófica. La obra incluye otros textos del filósofo que hacen referencia a dicha teoría. 
521 |a Peticiones 2025 
545 0 |a Henri Bergson (1859-1941), filósofo francés, cursó estudios de letras, matemáticas y obtuvo el doctorado en filosofía; aunque influenciado principalmente por el espiritualismo, es considerado como uno de los principales representantes del intuicionismo. En 1927 fue galardonado con el Premio Nobel de Literatura por su obra Memoria y vida. Sus investigaciones filosóficas, que se sustentan en los datos de la ciencia, tratan sobre los fundamentos del influjo vital y espiritual, la realidad fenoménica de la conciencia y sus principios metafísicos y psicológicos. Entre sus obras destacan Ensayo sobre los datos inmediatos de la conciencia (1889), Materia y memoria (1896), La risa (1900), Introducción a la metafísica (1903), La evolución creadora (1907), entre otros. 
649 |a XX 
650 |a Físicos Alemanes 
650 |a Científicos Alemanes 
650 |a Espacio y Tiempo 
650 |a Relatividad (Física) -  |x Tema Principal 
650 |a Espiritualismo 
650 |a Intuicionismo -  |x Tema Principal 
650 |a Filosofía del Siglo XIX 
650 |a Filosofía del Siglo XX 
650 |a Filosofía Francesa 
650 |a Einstein, Albert 
700 |a Peñalver, Patricio  |e (edición y traducción) 
910 |a Fondo General 
920 |a Impresos - Libros 
930 |a Colección General 
905 |a 101 
901 |a 624163-10  |b IT1  |c ACC  |i C2541  |u 20251104 
902 |a https://opac.biblio.iteso.mx/vufind/Record/000624163